Управление персоналом - креативный менеджмент в помощь руководителю

Bibliographische Detailangaben
1. Verfasser: Коноваленко В. А. Валерий Адольфович
Weitere Verfasser: Коноваленко М. Ю. Марина Юрьевна
Zusammenfassung:В книге рассмотрены различные стороны психологии управления. Большое значение придается креативному подходу. Опираясь на базовые психологические законы, авторы книги анализируют различные стратегии управления поведением подчиненных. Особое внимание уделено методам активизации поиска и решения творческих задач в организации. Для руководителей, бизнесменов, менеджеров, работающих с персоналом.
Sprache:Russisch
Veröffentlicht: Москва, Дашков и К, 2009
Schlagworte:
Format: MixedMaterials Buch
KOHA link:https://koha.lib.tpu.ru/cgi-bin/koha/opac-detail.pl?biblionumber=158453

MARC

LEADER 00000nam0a2200000 4500
001 158453
005 20231101222035.0
010 |a 97850911318598 
035 |a (RuTPU)RU\TPU\book\171845 
090 |a 158453 
100 |a 20090423d2009 km y0rusy50 ca 
101 0 |a rus 
102 |a RU 
105 |a a z 001zy 
200 1 |a Управление персоналом - креативный менеджмент в помощь руководителю  |f В. А. Коноваленко, М. Ю. Коноваленко 
210 |a Москва  |c Дашков и К  |d 2009 
215 |a 224 с.  |c ил. 
320 |a Библиогр.: с. 220-223. 
330 |a В книге рассмотрены различные стороны психологии управления. Большое значение придается креативному подходу. Опираясь на базовые психологические законы, авторы книги анализируют различные стратегии управления поведением подчиненных. Особое внимание уделено методам активизации поиска и решения творческих задач в организации. Для руководителей, бизнесменов, менеджеров, работающих с персоналом. 
606 1 |a Персонал  |x Управление  |2 stltpush  |3 (RuTPU)RU\TPU\subj\36605  |9 57925 
610 1 |a экономика 
610 1 |a труд 
610 1 |a кадры 
610 1 |a руководитель 
610 1 |a руководство 
610 1 |a потребности 
610 1 |a мотивация 
610 1 |a иерархия 
610 1 |a коммуникации 
610 1 |a конфликты 
610 1 |a межличностные конфликты 
610 1 |a сотрудники 
610 1 |a личность 
610 1 |a творчество 
610 1 |a креативный менеджмент 
686 |a У9(2)240  |v LBC/SL-A  |2 rubbk 
700 1 |a Коноваленко  |b В. А.  |g Валерий Адольфович 
701 1 |a Коноваленко  |b М. Ю.  |g Марина Юрьевна 
801 1 |a RU  |b 63413507  |c 20090423  |g PSBO 
801 2 |a RU  |b 63413507  |c 20140326  |g PSBO 
900 |a Управление персоналом 
942 |c BK 
959 |a 54/20090422  |d 1  |e 143,00  |f ЧЗГЛ:1